000 01886cam a22003734a 4500
999 _c234357
_d234357
001 15615144
003 Nust
005 20170319175934.0
008 090206r20092009miu d 000 1 eng
010 _a 2009004820
020 _a9780749909154 (lg. print : alk. paper)
035 _a(OCoLC)ocn299716817
040 _aDLC
_cDLC
_dIG#
_dBTCTA
_dJED
_dJZ6
_dP@N
_dLF3
_dQ2Z
_dMPC
_dVP@
_dDLC
043 _ae-uk-en
050 1 0 _aPS3561.R44
_bP48 2009b
082 0 0 _a813.54
_bQUI
100 1 _aQuick, Amanda.
245 1 4 _aThe perfect poison /
_cAmanda Quick.
250 _aLarge print ed.
260 _aDetroit [Mich.] :
_bThorndike Press,
_c2009.
300 _a342 p. (large print) ;
_c23 cm.
500 _a"Thorndike Press large print basic"--t.p. verso.
500 _aOriginally published: G.P. Putnam's Sons, 2009.
520 _aPlagued by rumors that she poisoned her fiancé, Lucinda Bromley manages to live on the fringes of polite society. She tends her beloved plants and occasionally consults on a murder investigation, for the notorious botanist can detect almost any type of poison. But the murder of a lord has Lucinda shaken. She has detected a poison containing a very rare species of fern. So rare that the only specimen in England was in her conservatory - until it was stolen last month.
650 0 _aWomen botanists
_zEngland
_vFiction.
650 0 _aSecret societies
_zEngland
_vFiction.
650 0 _aPsychic ability
_vFiction.
650 0 _aMurder
_xInvestigation
_vFiction.
650 0 _aLarge type books.
655 7 _aMystery fiction.
_2gsafd
655 7 _aRomantic suspense fiction.
_2gsafd
906 _a7
_bcbc
_corignew
_d1
_eecip
_f20
_gy-gencatlg
942 _2ddc
_cBK